| 000 | 03237nam a22003377a 4500 | ||
|---|---|---|---|
| 999 |
_c21782 _d21782 |
||
| 003 | AR-CdUCM | ||
| 008 | 190425b ||||| |||| 00| 0 spa d | ||
| 040 |
_aMUNICIPALIDAD PROVINCIAL DEL CUSCO _cBIBLIOTECA MUNICIPAL DEL CUSCO |
||
| 082 | _aRev.Univ/N°133/1985 | ||
| 110 |
_aUniversidad Nacional de San Antonio Abad del Cusco _915942 |
||
| 245 |
_aRevista Universitaria : _bÓrgano de la Universidad del Cuzco / |
||
| 260 |
_aCusco : _bUniversidad Nacional de San Antonio Abad del Cusco, _c1985. |
||
| 300 |
_a375 páginas. : _c20 cm. |
||
| 440 |
_aRevista Universitaria _nAño LXXI, 1985, N°133. _946085 |
||
| 505 | _aContenido: Algunos insectos y ácaros de interés medico veterinario. José Escalante Gutiérrez. -- Comportamiento fisiológico del Jatacco Amaranthus Hibridus. Horacio Zamalloa Díaz Horacio. -- La producción de carnes en el departamento del Cusco y sus respectivas al año 2000. Dante Astete Canal. -- Reivindicar el ganado criollo una necesidad nacional. Mario Ruíz de Castilla Marín. -- Desechos urbanos del Cusco, problemática y alternativas. Juan Eduardo Gil Mora. -- Operación de Bricker nuestra experiencia. Humberto Covarrubias Campana. -- Exploración geotécnica del macizo rocoso para la construcción de la nueva central hidroeléctrica subterránea en Machu Picchu Cusco. Felipe Cárdenas Alemán. -- Estudio de las principales propiedades físico mecánicas de la albañilería de ladrillo en la ciudad del Cusco. Julio Rojas Bravo. -- Formación de la sociedad peruana precolombina una visión histórica. César Gonzales Mires. -- Por una reestructuración estructurante del programa académica de antropología. Oscar Murillo Serna -- Fuerza de trabajo en la comunidad campesina de Kuyo Grande. José Canal. -- La movilización social en la Arqueología. Rubén Acurio Moreno. -- Wachacuy o parto y alumbrado medicina folklorica. Nélida Silva Hurtado. -- Proceso Cultural del Perú. Rubén Bueno Pacheco. -- El mercado de contrabando y el empleo en el Cusco. Efraín Benítez Aragón. -- La protección legal del concubinato. Rolando Peralta Andía. -- Kcori Champi de Lizandro Caller la primera novela indigenista del Perú. Julio Miranda Bernal. -- La poesía Quechua y su restauración. René Farfán Barrios. -- Los múltiples aspectos del tiempo. Moisés Tello Palomino. -- El colegio de aplicación Fortunato Luciano Herrera requiere de un local modelo. Darío Olave Durán. -- Cusco pasado presente y futuro homenaje al Cusco. Manuel Chávez Ballón. -- Fundamentos de proyección social. Armando Barrionuevo Sánchez Armando. | ||
| 650 |
_aAntropología cusqueña _945862 |
||
| 650 |
_aArqueología cusqueña _99322 |
||
| 650 |
_aMedicina tradicional _914646 |
||
| 650 |
_aLiteratura quechua _97789 |
||
| 650 |
_aComunidades campesinas _92214 |
||
| 650 |
_aFolklore cusqueño _98693 |
||
| 700 |
_aMurillo Serna, Oscar _946084 |
||
| 700 |
_aChávez Ballón, Manuel _945977 |
||
| 700 |
_aBarrionuevo Sánchez, Armando _931129 |
||
| 700 |
_aFarfán Barrios, René _946086 |
||
| 700 |
_aTello Palomino, Moisés _917121 |
||
| 700 |
_aZamalloa Díaz, Horacio _946081 |
||
| 710 |
_aUniversidad Nacional de San Antonio Abad del Cusco _915942 |
||
| 942 |
_2ddc _cPP |
||
| 945 | _arac | ||